[Event "Rated Blitz game"]
[Site "?"]
[Date "2021.03.25"]
[Round "?"]
[White "kahvitauko"]
[Black "KamranShirazi"]
[Result "0-1"]
[WhiteElo "2421"]
[BlackElo "2506"]
[PlyCount "92"]
[EventDate "2021.??.??"]
[EventType "blitz"]

1. e4 e5 2. Nf3 d5 3. exd5 e4 4. Qe2 Nf6 5. d3 Bb4+ 6. c3 O-O 7. dxe4 Re8 8.
Bg5 Be7 9. Bxf6 Bxf6 10. Nbd2 c6 11. O-O-O cxd5 12. Nb3 Rxe4 13. Qxe4 dxe4 14.
Rxd8+ Bxd8 15. Nfd2 Bf5 16. Be2 Nc6 17. Nc4 Bc7 18. Ne3 Bg6 19. g3 Ne5 20. h4
h5 21. Nc5 Bb6 22. Nxb7 Nd3+ 23. Bxd3 exd3 24. Kd2 Be4 25. Rb1 Bxb7 26. c4 Be4
27. b4 Bd4 28. c5 a5 29. a3 axb4 30. Rxb4 Rd8 31. c6 Bxe3+ 32. fxe3 Bxc6 33. a4
Rd5 34. Rc4 Bd7 35. a5 Rxa5 36. Rd4 Bf5 37. e4 Be6 38. Kxd3 Ra3+ 39. Ke2 Rxg3
40. Rb4 Kh7 41. e5 Rg4 42. Rxg4 hxg4 43. Kf2 Kh6 44. Kg3 Kh5 45. Kf4 Kxh4 46.
Ke3 g3 {Normal} 0-1

[Event "Rated Blitz game"]
[Site "?"]
[Date "2021.03.25"]
[Round "?"]
[White "ManiSuavecito"]
[Black "KamranShirazi"]
[Result "0-1"]
[WhiteElo "2316"]
[BlackElo "2484"]
[PlyCount "94"]
[EventDate "2021.??.??"]
[EventType "blitz"]

1. e4 e5 2. Nf3 d5 3. exd5 e4 4. Nd4 Qxd5 5. Nb3 Bd6 6. Nc3 Qe5 7. d4 exd3+ 8.
Be3 dxc2 9. Qxc2 Bf5 10. Bd3 Bxd3 11. Qxd3 Nc6 12. O-O-O a6 13. Rhe1 O-O-O 14.
g3 Nge7 15. Bf4 Qf5 16. Qxf5+ Nxf5 17. Nd5 Bxf4+ 18. Nxf4 Ncd4 19. Nxd4 Nxd4
20. Re7 Rhf8 21. h4 g6 22. h5 g5 23. Nd3 Nc6 24. Re3 f5 25. Re6 f4 26. g4 Nd4
27. Rh6 Rf7 28. Ne5 Re7 29. Nc4 b6 30. b3 Kb7 31. Rd2 a5 32. Kb2 Nc6 33. Rxd8
Nxd8 34. Kc3 Nc6 35. Rf6 Re2 36. Rf7 Rxf2 37. Rxh7 Rf3+ 38. Kc2 Nb4+ 39. Kd2
Rf2+ 40. Kc3 Nxa2+ 41. Kd4 Nb4 42. Rf7 f3 43. h6 Rf1 44. h7 Rh1 45. Ke3 Rh3 46.
Kf2 Nd3+ 47. Kf1 Rh1# {Normal} 0-1

[Event "Rated Blitz game"]
[Site "?"]
[Date "2021.03.25"]
[Round "?"]
[White "fee1729"]
[Black "Dzon_Vejn"]
[Result "1-0"]
[WhiteElo "2515"]
[BlackElo "2487"]
[PlyCount "35"]
[EventDate "2021.??.??"]
[EventType "blitz"]

1. e4 e5 2. Nf3 d5 3. exd5 e4 4. Ne5 Qxd5 5. d4 exd3 6. Nxd3 Bf5 7. Nc3 Qe6+ 8.
Be3 Nc6 9. Nf4 Qe5 10. Bb5 Bb4 11. O-O Nge7 12. Ncd5 Bd6 13. Bd4 Qe4 14. Bxg7
O-O-O 15. Bxh8 Bxf4 16. Nxe7+ Nxe7 17. Bd3 Qe5 18. Bxe5 {Normal} 1-0

[Event "Rated Blitz game"]
[Site "?"]
[Date "2021.03.25"]
[Round "?"]
[White "Prosvirnov_Sergei"]
[Black "Dzon_Vejn"]
[Result "0-1"]
[WhiteElo "2418"]
[BlackElo "2449"]
[PlyCount "70"]
[EventDate "2021.??.??"]
[EventType "blitz"]

1. e4 e5 2. Nf3 d5 3. Nxe5 Bd6 4. d4 dxe4 5. Bf4 Ne7 6. Nc3 f6 7. Nxe4 fxe5 8.
dxe5 Bb4+ 9. c3 Qxd1+ 10. Rxd1 Ba5 11. Bc4 h6 12. O-O Nbc6 13. Rfe1 Bb6 14.
Nd6+ Kf8 15. Nf7 Ng6 16. Bg3 Rh7 17. e6 Nge7 18. h4 g6 19. b4 a6 20. a4 Rxf7
21. exf7 Bf5 22. a5 Ba7 23. Bxc7 Rc8 24. Bd6 Bb8 25. Bc5 Be5 26. Re3 h5 27.
Rde1 Bf6 28. g3 Rc7 29. f4 Rd7 30. Kf2 Bg4 31. Re6 Bxe6 32. Rxe6 Bg7 33. Rxg6
Rd2+ 34. Ke3 Rd8 35. Rg5 Rd7 {Time forfeit} 0-1

[Event "Rated Blitz game"]
[Site "?"]
[Date "2021.03.25"]
[Round "?"]
[White "Actehualpa"]
[Black "Dzon_Vejn"]
[Result "1-0"]
[WhiteElo "2395"]
[BlackElo "2450"]
[PlyCount "41"]
[EventDate "2021.??.??"]
[EventType "blitz"]

1. e4 e5 2. Nf3 d5 3. d4 dxe4 4. Nxe5 Bd6 5. Bc4 Bxe5 6. Qh5 Qf6 7. dxe5 Qg6 8.
Qxg6 hxg6 9. Nc3 Nc6 10. Nd5 Kd8 11. Bg5+ Nge7 12. O-O-O Bd7 13. Nxe7 Nxe7 14.
e6 f6 15. Rxd7+ Ke8 16. Be3 Rc8 17. Bxa7 f5 18. Bc5 Nc6 19. Rxg7 Ne5 20. Re7+
Kd8 21. Rd1+ {Normal} 1-0

[Event "Rated Blitz tournament dvq8cPf3"]
[Site "?"]
[Date "2021.03.25"]
[Round "?"]
[White "kekic76"]
[Black "Maltinho"]
[Result "0-1"]
[WhiteElo "2467"]
[BlackElo "2515"]
[PlyCount "46"]
[EventDate "2021.??.??"]
[EventType "blitz"]

1. e4 e5 2. Nf3 d5 3. Nc3 d4 4. Ne2 Bd6 5. Ng3 h5 6. h4 Bg4 7. Be2 Ne7 8. Ng5
Qd7 9. d3 f6 10. Nf3 Nbc6 11. a3 Nd8 12. Bd2 Ne6 13. Nh2 Bxe2 14. Qxe2 g6 15.
O-O-O Qa4 16. Kb1 b5 17. c3 Bxa3 18. bxa3 Qb3+ 19. Ka1 Qxa3+ 20. Kb1 Qb3+ 21.
Ka1 dxc3 22. Bc1 Nd4 23. Qa2 Nc2+ {Normal} 0-1

[Event "Rated Blitz game"]
[Site "?"]
[Date "2021.03.25"]
[Round "?"]
[White "ustedesunmarrano"]
[Black "TheMonsterNotTheNM"]
[Result "0-1"]
[WhiteElo "2508"]
[BlackElo "2409"]
[PlyCount "38"]
[EventDate "2021.??.??"]
[EventType "blitz"]

1. e4 e5 2. Nf3 d5 3. exd5 e4 4. Qe2 Nf6 5. Nc3 Be7 6. Nxe4 O-O 7. c4 c6 8.
dxc6 Nxc6 9. d3 Bg4 10. Be3 Nxe4 11. dxe4 Nb4 12. a3 Qa5 13. O-O-O Na2+ 14. Kb1
Bxa3 15. Kxa2 Bb4+ 16. Kb1 b5 17. cxb5 Rac8 18. Bd2 Be6 19. Bc3 Qa2+ {Time
forfeit} 0-1

[Event "Rated Blitz game"]
[Site "?"]
[Date "2021.03.25"]
[Round "?"]
[White "Queribus"]
[Black "Dzon_Vejn"]
[Result "1-0"]
[WhiteElo "2343"]
[BlackElo "2470"]
[PlyCount "55"]
[EventDate "2021.??.??"]
[EventType "blitz"]

1. e4 e5 2. Nf3 d5 3. Nxe5 Bd6 4. d4 dxe4 5. Nc3 Bxe5 6. dxe5 Qxd1+ 7. Nxd1 Nc6
8. Bb5 Nge7 9. O-O Bf5 10. Bf4 O-O-O 11. Ne3 Be6 12. Rad1 Nd4 13. Bg5 Nxb5 14.
Bxe7 Rde8 15. Bb4 a6 16. c4 Na7 17. Bc3 Nc6 18. b3 Rd8 19. Rxd8+ Rxd8 20. Rd1
Rg8 21. f4 g6 22. g3 h5 23. Kf2 Rh8 24. h4 Rd8 25. Rxd8+ Kxd8 26. Nd5 Kc8 27.
Ke3 Ne7 28. Nxe7+ {Normal} 1-0

[Event "Rated Blitz tournament dvq8cPf3"]
[Site "?"]
[Date "2021.03.25"]
[Round "?"]
[White "Mirmirri"]
[Black "Schachelite"]
[Result "1-0"]
[WhiteElo "2326"]
[BlackElo "2424"]
[PlyCount "69"]
[EventDate "2021.??.??"]
[EventType "blitz"]

1. e4 e5 2. Nf3 d5 3. Nc3 d4 4. Ne2 Nc6 5. Ng3 Nf6 6. Bc4 Bd6 7. d3 Na5 8. Bb3
Nxb3 9. cxb3 O-O 10. Bg5 h6 11. Bd2 Be6 12. Rc1 Nd7 13. O-O c6 14. h3 Qe7 15.
Nh2 Nc5 16. Qe2 f5 17. exf5 Bxf5 18. Nxf5 Rxf5 19. Nf3 Raf8 20. Rfe1 Rxf3 21.
gxf3 Qh4 22. Bb4 Qxh3 23. Bxc5 Rf4 24. Qf1 Qxf3 25. Re4 Rxe4 26. dxe4 Bxc5 27.
Rxc5 Qg4+ 28. Qg2 Qd1+ 29. Kh2 Qh5+ 30. Qh3 Qe2 31. Qg3 d3 32. Rxe5 d2 33. Re8+
Kh7 34. Re7 Qh5+ 35. Kg2 {Normal} 1-0

[Event "Rated Blitz game"]
[Site "?"]
[Date "2021.03.25"]
[Round "?"]
[White "ricjimenez_50"]
[Black "blastol"]
[Result "1-0"]
[WhiteElo "2376"]
[BlackElo "2403"]
[PlyCount "87"]
[EventDate "2021.??.??"]
[EventType "blitz"]

1. e4 e5 2. Nf3 d5 3. exd5 Bd6 4. d4 e4 5. Ne5 Nf6 6. c4 O-O 7. Nc3 Re8 8. Bf4
Nbd7 9. Nxd7 Bxf4 10. Nxf6+ Qxf6 11. g3 e3 12. gxf4 Qxf4 13. f3 Qh4+ 14. Ke2
Qf2+ 15. Kd3 Qxb2 16. Be2 Bf5+ 17. Ne4 Rad8 18. Qc2 Qa3+ 19. Qb3 Qe7 20. Kc2
Bxe4+ 21. fxe4 Qxe4+ 22. Qd3 Qxd3+ 23. Kxd3 f5 24. Raf1 g6 25. Rf3 Kg7 26. Rxe3
Rxe3+ 27. Kxe3 Re8+ 28. Kd3 Kf6 29. Rf1 g5 30. Bg4 f4 31. Rf3 Re1 32. c5 Kg6
33. Bc8 b6 34. d6 cxd6 35. cxd6 Re8 36. d7 Rd8 37. Ke4 Kf6 38. Kd5 Kf5 39. Kd6
g4 40. Rf1 Ke4 41. Ke7 g3 42. hxg3 fxg3 43. Kxd8 g2 44. Bb7+ {Normal} 1-0

[Event "Rated Blitz game"]
[Site "?"]
[Date "2021.03.25"]
[Round "?"]
[White "Bibekthing"]
[Black "KamranShirazi"]
[Result "0-1"]
[WhiteElo "2387"]
[BlackElo "2512"]
[PlyCount "34"]
[EventDate "2021.??.??"]
[EventType "blitz"]

1. e4 e5 2. Nf3 d5 3. exd5 e4 4. Qe2 Nf6 5. d3 Bb4+ 6. Bd2 O-O 7. dxe4 Re8 8.
e5 Nxd5 9. Bxb4 Nxb4 10. c3 N4c6 11. Nbd2 Bf5 12. O-O-O Nd7 13. Nb3 Qc8 14. g4
Bxg4 15. Rg1 Ndxe5 16. Qe4 Bxf3 17. Qf4 Bxd1 {Normal} 0-1

[Event "Rated Blitz tournament 677cukmV"]
[Site "?"]
[Date "2021.03.25"]
[Round "?"]
[White "maskurr"]
[Black "daelovaaa"]
[Result "1-0"]
[WhiteElo "2231"]
[BlackElo "2470"]
[PlyCount "69"]
[EventDate "2021.??.??"]
[EventType "blitz"]

1. e4 e5 2. Nf3 d5 3. exd5 e4 4. Nd4 Qxd5 5. Nb3 Nf6 6. Nc3 Qe5 7. Be2 Nc6 8.
O-O Bd6 9. g3 Bh3 10. f4 exf3 11. Rxf3 O-O-O 12. d3 Nd4 13. Nxd4 Bc5 14. Be3
Bxd4 15. Qd2 Ng4 16. Bxd4 Qxd4+ 17. Kh1 Nf2+ 18. Rxf2 Qxf2 19. Bg4+ Bxg4 20.
Qxf2 Kb8 21. Kg2 Be6 22. Re1 Rhe8 23. h3 a6 24. Kh2 h5 25. Ne4 Rd5 26. c4 Rxd3
27. Nc5 Rd6 28. Nxe6 fxe6 29. Qf7 Red8 30. h4 Rd2+ 31. Kh3 Rxb2 32. Rxe6 Rdd2
33. Qxh5 b6 34. Qe8+ Ka7 35. Qc6 {Normal} 1-0

[Event "Rated Blitz tournament IBeNtQgA"]
[Site "?"]
[Date "2021.03.25"]
[Round "?"]
[White "kaloczajunky"]
[Black "Madjrs72"]
[Result "1-0"]
[WhiteElo "2427"]
[BlackElo "2357"]
[PlyCount "143"]
[EventDate "2021.??.??"]
[EventType "blitz"]

1. e4 e5 2. Nf3 d5 3. exd5 e4 4. Ne5 Qxd5 5. d4 exd3 6. Nxd3 Nf6 7. Nc3 Qf5 8.
Be2 Bd6 9. h3 Nc6 10. O-O Be6 11. Be3 O-O-O 12. Qc1 Qg6 13. Kh1 h5 14. Nb5 Kb8
15. Nxd6 Rxd6 16. Nf4 Qh7 17. Bc5 Rdd8 18. Bd3 Bf5 19. Be2 g5 20. Nd3 Qg6 21.
Be3 g4 22. Nf4 Qg7 23. h4 Ne4 24. g3 Nf6 25. Kg1 Be4 26. a4 Ne5 27. b3 Nd5 28.
Bd4 Nf3+ 29. Bxf3 Qxd4 30. Bxe4 Qxe4 31. Re1 Qf5 32. Nxd5 Rxd5 33. Qe3 Rhd8 34.
a5 a6 35. b4 Qxc2 36. Rac1 Qd3 37. Qf4 R5d7 38. Re5 Qa3 39. Rec5 Rd1+ 40. Rxd1
Rxd1+ 41. Kg2 Rd7 42. Rxh5 Qd3 43. Qxg4 Rd4 44. Qg8+ Ka7 45. Qxf7 Rxb4 46. Rf5
Rb1 47. h5 Qf1+ 48. Kf3 Qd3+ 49. Kg4 Rb4+ 50. Rf4 Qe2+ 51. f3 Rb1 52. h6 Rh1
53. h7 Qh2 54. Rc4 Qh3+ 55. Kf4 Qh6+ 56. Kf5 Rh5+ 57. Ke4 Qg5 58. Rxc7 Qe5+ 59.
Kd3 Qb5+ 60. Qc4 Rd5+ 61. Ke4 Re5+ 62. Kf4 Rf5+ 63. Kg4 Rg5+ 64. Kh3 Qf5+ 65.
g4 Qxf3+ 66. Kh4 Rb5 67. Qd4+ Kb8 68. Qd8+ Ka7 69. Qd4+ Kb8 70. h8=Q+ Kxc7 71.
Qhd8+ Kc6 72. Q8d7# {Normal} 1-0

[Event "Rated Blitz tournament wCsZ3tMJ"]
[Site "?"]
[Date "2021.03.25"]
[Round "?"]
[White "KhanyaMazibuko"]
[Black "funny_chess"]
[Result "0-1"]
[WhiteElo "2286"]
[BlackElo "2661"]
[PlyCount "72"]
[EventDate "2021.??.??"]
[EventType "blitz"]

1. e4 e5 2. Nf3 d5 3. d4 dxe4 4. Nxe5 Bd6 5. Bc4 Bxe5 6. Qh5 Qf6 7. Qxe5+ Qxe5
8. dxe5 Nc6 9. Bf4 Nge7 10. Bb5 Bf5 11. Nc3 O-O-O 12. O-O Nd4 13. Ba4 h6 14.
Be3 Ndc6 15. Bf4 Ng6 16. Bxc6 Nxf4 17. Bxe4 Bxe4 18. Nxe4 Rhe8 19. Rfe1 Rxe5
20. g3 Rde8 21. gxf4 Rxe4 22. Kf1 Rxe1+ 23. Rxe1 Rxe1+ 24. Kxe1 Kd7 25. Kd1 Ke6
26. Ke2 Kf5 27. Kf3 a5 28. a4 c6 29. c4 c5 30. Ke3 b6 31. b3 h5 32. h3 f6 33.
Kf3 g5 34. fxg5 fxg5 35. Kg3 Ke4 36. f3+ Ke3 {Normal} 0-1

[Event "Rated Blitz game"]
[Site "?"]
[Date "2021.03.25"]
[Round "?"]
[White "Lemuel_Bermas"]
[Black "Dzon_Vejn"]
[Result "1-0"]
[WhiteElo "2315"]
[BlackElo "2479"]
[PlyCount "125"]
[EventDate "2021.??.??"]
[EventType "blitz"]

1. e4 e5 2. Nf3 d5 3. Nxe5 Bd6 4. d4 dxe4 5. Bc4 Bxe5 6. dxe5 Qxd1+ 7. Kxd1 Nc6
8. Bf4 Bg4+ 9. Kc1 Nge7 10. Nc3 Ng6 11. Bg3 Ncxe5 12. Bd5 O-O-O 13. Bxe4 Rhe8
14. f3 Be6 15. a4 f5 16. Bd3 Nxd3+ 17. cxd3 Rxd3 18. Nb5 c6 19. Nxa7+ Kd7 20.
Rd1 Rxd1+ 21. Kxd1 Bc4 22. Rc1 Bb3+ 23. Kd2 Bxa4 24. Rc4 b5 25. Rxc6 f4 26. Bf2
Ne5 27. Ra6 Nc4+ 28. Kc3 Ne3 29. Kb4 Bc2 30. Nxb5 Rb8 31. Kc5 Bd3 32. Ra7+ Ke6
33. Nd4+ Kf6 34. Bh4+ g5 35. Be1 Rxb2 36. Rxh7 Rxg2 37. h4 gxh4 38. Bxh4+ Kg6
39. Rd7 Nf5 40. Nxf5 Kxf5 41. Rf7+ Ke6 42. Rxf4 Bf5 43. Kd4 Rh2 44. Bg3 Rh3 45.
Be1 Kf6 46. Ke3 Kg6 47. Bc3 Rh1 48. Bd4 Rd1 49. Kf2 Rd3 50. Kg3 Rd2 51. Bc3 Rd3
52. Be5 Rb3 53. Rd4 Rb5 54. Kf4 Be6 55. Rd6 Kf7 56. Bd4 Rb4 57. Ke5 Rb5+ 58.
Ke4 Rb4 59. f4 Rb5 60. Be5 Rb4+ 61. Kf3 Rb5 62. Ra6 Bd5+ 63. Kg3 {Time forfeit}
1-0

[Event "Rated Blitz game"]
[Site "?"]
[Date "2021.03.25"]
[Round "?"]
[White "MagistrchessRu"]
[Black "Dzon_Vejn"]
[Result "0-1"]
[WhiteElo "2431"]
[BlackElo "2468"]
[PlyCount "72"]
[EventDate "2021.??.??"]
[EventType "blitz"]

1. e4 e5 2. Nf3 d5 3. Nxe5 Bd6 4. d4 dxe4 5. Nc4 Be7 6. Be2 Nf6 7. O-O O-O 8.
Bf4 Bf5 9. Ne3 Bg6 10. c4 Re8 11. Nc3 c6 12. h4 h6 13. h5 Bh7 14. Qb3 Qc8 15.
Rfd1 Nbd7 16. Rac1 Bd8 17. Qa3 Bc7 18. Bd6 Re6 19. Bxc7 Qxc7 20. d5 Re5 21. d6
Qd8 22. b4 Nxh5 23. c5 Qh4 24. Nc4 Rg5 25. Bxh5 Qxh5 26. Kf1 Qh1+ 27. Ke2 Qxg2
28. Nb1 Bg6 29. Rf1 Bh5+ 30. Ke1 Re8 31. Ne3 Qf3 32. Qb2 Ne5 33. Rd1 Nd3+ 34.
Rxd3 exd3 35. Kd2 Rxe3 36. fxe3 Qxf1 {Time forfeit} 0-1

[Event "Rated Blitz game"]
[Site "?"]
[Date "2021.03.25"]
[Round "?"]
[White "roggefeller"]
[Black "Fantastic_power06"]
[Result "0-1"]
[WhiteElo "2749"]
[BlackElo "2647"]
[PlyCount "60"]
[EventDate "2021.??.??"]
[EventType "blitz"]

1. e4 e5 2. Nf3 d5 3. exd5 e4 4. Qe2 Nf6 5. d3 Qxd5 6. Nc3 Bb4 7. Bd2 Bxc3 8.
Bxc3 O-O 9. Ne5 Re8 10. d4 Nc6 11. Qc4 Nxe5 12. dxe5 Qxc4 13. Bxc4 Ng4 14.
O-O-O Be6 15. Bxe6 Rxe6 16. Rd7 Rc8 17. Rhd1 h5 18. Rd8+ Re8 19. Rxe8+ Rxe8 20.
Rd7 Nxf2 21. Rxc7 Rd8 22. b4 e3 23. e6 f6 24. Rxb7 e2 25. Rxa7 Ne4 26. e7 Rd1+
27. Kb2 Kf7 28. e8=Q+ Kxe8 29. b5 Nxc3 30. b6 e1=Q {Normal} 0-1

[Event "Rated Rapid game"]
[Site "?"]
[Date "2021.03.25"]
[Round "?"]
[White "toog"]
[Black "Melladov"]
[Result "0-1"]
[WhiteElo "2573"]
[BlackElo "2600"]
[PlyCount "35"]
[EventDate "2021.??.??"]
[EventType "rapid"]

1. e4 e5 2. Nf3 d5 3. exd5 e4 4. Qe2 Nf6 5. d3 Qxd5 6. Bg5 Be6 7. dxe4 Nxe4 8.
Be3 Nc6 9. Qb5 O-O-O 10. Nbd2 Nxd2 11. Nxd2 Nd4 12. Qa4 Nf5 13. O-O-O Nxe3 14.
fxe3 Bc5 15. Bc4 Qg5 16. Bxe6+ fxe6 17. Qe4 Bxe3 18. Qxe3 {Normal} 0-1

[Event "Rated Blitz game"]
[Site "?"]
[Date "2021.03.25"]
[Round "?"]
[White "Tulok58"]
[Black "Dzon_Vejn"]
[Result "1-0"]
[WhiteElo "2364"]
[BlackElo "2443"]
[PlyCount "65"]
[EventDate "2021.??.??"]
[EventType "blitz"]

1. e4 e5 2. Nf3 d5 3. Nxe5 Bd6 4. d4 Bxe5 5. dxe5 Nc6 6. exd5 Nxe5 7. Be2 Nf6
8. c4 O-O 9. O-O b5 10. b3 bxc4 11. bxc4 Ba6 12. Nd2 c6 13. Ba3 Re8 14. Qa4 Qc8
15. d6 Rb8 16. Rfe1 c5 17. h3 Nc6 18. Bf3 Rxe1+ 19. Rxe1 Nd4 20. Qd1 h6 21. Ne4
Nxe4 22. Rxe4 Rb6 23. Rxd4 cxd4 24. c5 Rb8 25. Qxd4 Qe6 26. c6 Kh7 27. c7 Rb6
28. Bb2 f6 29. Be4+ Kh8 30. d7 Rd6 31. d8=Q+ Rxd8 32. cxd8=Q+ Qg8 33. Q4xf6 {
Normal} 1-0

[Event "Rated Blitz game"]
[Site "?"]
[Date "2021.03.25"]
[Round "?"]
[White "Lemuel_Bermas"]
[Black "Dzon_Vejn"]
[Result "0-1"]
[WhiteElo "2321"]
[BlackElo "2472"]
[PlyCount "52"]
[EventDate "2021.??.??"]
[EventType "blitz"]

1. e4 e5 2. Nf3 d5 3. Nxe5 Bd6 4. d4 dxe4 5. Bf4 Ne7 6. Bc4 O-O 7. O-O Bf5 8.
Nd2 Nbc6 9. Nxc6 Nxc6 10. Bxd6 cxd6 11. c3 d5 12. Bb3 Be6 13. Qh5 g6 14. Qh6
Qd6 15. f3 f5 16. fxe4 dxe4 17. Rae1 Bxb3 18. Nxb3 Rae8 19. h3 b6 20. Re3 Ne7
21. c4 Nc6 22. Rd1 f4 23. Rc3 f3 24. Nd2 Qg3 25. Nxf3 exf3 26. Rc2 f2+ {Normal}
0-1

[Event "Rated Blitz game"]
[Site "?"]
[Date "2021.03.24"]
[Round "?"]
[White "OlegKas222"]
[Black "anjaya01"]
[Result "1-0"]
[WhiteElo "2463"]
[BlackElo "2349"]
[PlyCount "93"]
[EventDate "2021.??.??"]
[EventType "blitz"]

1. e4 e5 2. Nf3 d5 3. Nxe5 Bd6 4. d4 dxe4 5. Nc4 f5 6. f3 exf3 7. Qxf3 Nf6 8.
Bd3 O-O 9. O-O Nc6 10. c3 h6 11. Nxd6 cxd6 12. Na3 d5 13. Bf4 a6 14. Rad1 Ne4
15. Nc2 g5 16. Bc1 Be6 17. Ne3 b5 18. Qe2 Qb6 19. Kh1 Rae8 20. Qc2 Kg7 21. Rde1
Qc7 22. Nd1 Qd7 23. Nf2 Nd8 24. Nh3 Nf7 25. a4 Nfd6 26. axb5 axb5 27. b3 Rc8
28. Bb2 b4 29. c4 dxc4 30. d5+ Kh7 31. dxe6 Qxe6 32. bxc4 Nxc4 33. Bxe4 fxe4
34. Rxf8 Rxf8 35. Rxe4 Rf1+ 36. Ng1 Qf5 37. Rxc4 b3 38. Qxf5+ Rxf5 39. Nf3 h5
40. h3 Rd5 41. Nd4 Kg6 42. Nxb3 Rb5 43. Rc3 g4 44. hxg4 hxg4 45. Kh2 Kg5 46.
Kg3 Kh5 47. Rc5+ {Normal} 1-0

[Event "Rated Blitz game"]
[Site "?"]
[Date "2021.03.24"]
[Round "?"]
[White "Ebuhurejra"]
[Black "Dzon_Vejn"]
[Result "1-0"]
[WhiteElo "2441"]
[BlackElo "2503"]
[PlyCount "107"]
[EventDate "2021.??.??"]
[EventType "blitz"]

1. e4 e5 2. Nf3 d5 3. exd5 e4 4. Ne5 Qxd5 5. d4 exd3 6. Nxd3 Bf5 7. Nc3 Qe6+ 8.
Be3 Nc6 9. Nf4 Qe5 10. Qd5 Bb4 11. Qxe5+ Nxe5 12. Nfd5 Bxc3+ 13. Nxc3 a6 14.
O-O-O Ne7 15. Bf4 f6 16. Bxe5 fxe5 17. Re1 Nc6 18. Bc4 O-O-O 19. Re3 Rd4 20.
Bd5 Rd8 21. Bxc6 bxc6 22. Rxe5 Bg6 23. Rd1 Rf4 24. f3 Re8 25. Rxe8+ Bxe8 26.
Re1 Bf7 27. Re4 Rf6 28. Ra4 Kb7 29. Ne4 Rh6 30. h3 Rh5 31. Rd4 Bd5 32. Nc3 Be6
33. Re4 Bd5 34. Re7 Rg5 35. Nxd5 cxd5 36. g3 Rxg3 37. h4 Rxf3 38. Rxg7 Rf4 39.
Rxh7 Rf2 40. b3 Kb6 41. Kb2 c5 42. h5 Kb5 43. h6 d4 44. Rh8 d3 45. h7 Rxc2+ 46.
Kb1 Kb4 47. Rd8 Rh2 48. h8=Q Rxh8 49. Rxh8 Kc3 50. Kc1 a5 51. Rh3 a4 52. bxa4
c4 53. a5 Kb4 54. Kd2 {Normal} 1-0

[Event "Rated Blitz game"]
[Site "?"]
[Date "2021.03.24"]
[Round "?"]
[White "fdpo95"]
[Black "dr_xStranger"]
[Result "0-1"]
[WhiteElo "2512"]
[BlackElo "2523"]
[PlyCount "126"]
[EventDate "2021.??.??"]
[EventType "blitz"]

1. e4 e5 2. Nf3 d5 3. Nxe5 Bd6 4. d4 dxe4 5. Be2 Bxe5 6. dxe5 Qxd1+ 7. Bxd1 Nc6
8. Bf4 Nge7 9. Nc3 Bf5 10. Bg3 O-O-O 11. h3 Ng6 12. Bg4 Bxg4 13. hxg4 Ngxe5 14.
Nxe4 Nxg4 15. O-O Rhe8 16. Ng5 Nh6 17. Rad1 Rxd1 18. Rxd1 f6 19. Nf3 Nf5 20.
Bf4 g5 21. Bc1 g4 22. Ne1 Ncd4 23. Kf1 h5 24. c3 Nc6 25. Bf4 h4 26. Nd3 h3 27.
f3 hxg2+ 28. Kxg2 Nh4+ 29. Kg3 Nxf3 30. Kxg4 Nfe5+ 31. Nxe5 fxe5 32. Be3 Rd8
33. Rh1 b6 34. Kf5 Kb7 35. Rh7 Rf8+ 36. Ke4 Rg8 37. Rf7 Rg4+ 38. Kd5 Rg3 39.
Bf2 Rd3+ 40. Kc4 Rd2 41. b4 a6 42. a4 e4 43. Bg3 b5+ 44. axb5 axb5+ 45. Kxb5
Na7+ 46. Kc4 e3 47. Bxc7 Ka8 48. Bb6 Nc8 49. Rf8 e2 50. Bf2 Kb7 51. Kb3 Nd6 52.
c4 Rd1 53. c5 Ne4 54. Bh4 Rf1 55. Re8 e1=Q 56. Bxe1 Rxe1 57. Rg8 Kc6 58. Rg6+
Kd5 59. Rh6 Re3+ 60. Ka4 Kc4 61. c6 Nc3+ 62. Ka5 Nd5 63. Rd6 Ra3# {Normal} 0-1

[Event "Rated Rapid game"]
[Site "?"]
[Date "2021.03.24"]
[Round "?"]
[White "Pepekan"]
[Black "Melladov"]
[Result "0-1"]
[WhiteElo "2483"]
[BlackElo "2585"]
[PlyCount "22"]
[EventDate "2021.??.??"]
[EventType "rapid"]

1. e4 e5 2. Nf3 d5 3. exd5 e4 4. Nd4 Qxd5 5. Nb3 Nc6 6. Nc3 Qe5 7. d3 exd3+ 8.
Be3 dxc2 9. Qxc2 Nf6 10. O-O-O Bf5 11. Bd3 Nb4 {Normal} 0-1

[Event "Rated Blitz game"]
[Site "?"]
[Date "2021.03.24"]
[Round "?"]
[White "toog"]
[Black "dr_xStranger"]
[Result "0-1"]
[WhiteElo "2504"]
[BlackElo "2532"]
[PlyCount "140"]
[EventDate "2021.??.??"]
[EventType "blitz"]

1. e4 e5 2. Nf3 d5 3. exd5 e4 4. Qe2 Nf6 5. d3 Bb4+ 6. c3 O-O 7. dxe4 Bc5 8.
Bg5 Re8 9. Nbd2 c6 10. dxc6 Nxc6 11. O-O-O Qa5 12. Kb1 Be6 13. Nc4 Bxc4 14.
Qxc4 Nxe4 15. Bd3 Nxf2 16. Bc2 Nxh1 17. Qh4 g6 18. Rxh1 Be3 19. Bxe3 Rxe3 20.
Ng5 h5 21. Nxf7 Kxf7 22. Qf4+ Kg7 23. Qxe3 Qe5 24. Qxe5+ Nxe5 25. Re1 Nc6 26.
Re6 Rf8 27. Rxg6+ Kf7 28. a3 Ke7 29. Rg7+ Kd6 30. Rxb7 Rf1+ 31. Ka2 Rf2 32. Be4
Ne5 33. Rxa7 Nc4 34. Ra6+ Ke5 35. Bf3 Rxb2+ 36. Ka1 Rf2 37. Rc6 Nxa3 38. Rc5+
Kf4 39. Rxh5 Ke3 40. Rd5 Nc4 41. h4 Rf1+ 42. Ka2 Rh1 43. h5 Nb6 44. Kb3 Nxd5
45. Bxd5 Rxh5 46. Bf3 Rg5 47. c4 Kd4 48. Kb4 Rc5 49. Bd5 Rc7 50. g4 Rg7 51. Be6
Rg6 52. Bf5 Rc6 53. Kb5 Rc5+ 54. Kb6 Rxc4 55. g5 Ke5 56. Bd7 Rc2 57. g6 Rg2 58.
Be8 Kf6 59. Bf7 Ke7 60. Kc7 Rc2+ 61. Kb6 Rf2 62. Kb5 Rf5+ 63. Kc4 Rg5 64. Kd4
Rg1 65. Ke4 Re1+ 66. Kf5 Rg1 67. Kf4 Rf1+ 68. Kg5 Rg1+ 69. Kh6 Kf6 70. Be6 Rh1+
{Time forfeit} 0-1

[Event "Rated Blitz game"]
[Site "?"]
[Date "2021.03.24"]
[Round "?"]
[White "limosity"]
[Black "Dzon_Vejn"]
[Result "0-1"]
[WhiteElo "2365"]
[BlackElo "2493"]
[PlyCount "82"]
[EventDate "2021.??.??"]
[EventType "blitz"]

1. e4 e5 2. Nf3 d5 3. exd5 e4 4. Nd4 Qxd5 5. Nb3 Qe5 6. Nc3 Nc6 7. Bb5 Bd6 8.
Qe2 Nf6 9. d4 exd3 10. Qxe5+ Bxe5 11. Bxc6+ bxc6 12. cxd3 Bf5 13. d4 Bd6 14.
Bg5 Nd5 15. O-O O-O 16. Rac1 f6 17. Bd2 Nb4 18. a4 Nd3 19. Rb1 Rfe8 20. Na5 Nb4
21. Rbe1 Kf7 22. f3 g5 23. Ne4 Nc2 24. Rc1 Nxd4 25. Nxc6 Ne2+ 26. Kf2 Nxc1 27.
Nxd6+ cxd6 28. Rxc1 Bd7 29. b4 a6 30. b5 axb5 31. axb5 Rec8 32. Bb4 d5 33. Rd1
Be6 34. Nd4 Rc4 35. Bd6 Ra2+ 36. Kg3 h5 37. h4 gxh4+ 38. Kxh4 Raa4 39. b6 Rxd4+
40. Rxd4 Rxd4+ 41. Kxh5 Bc8 {Normal} 0-1

[Event "Rated Blitz game"]
[Site "?"]
[Date "2021.03.24"]
[Round "?"]
[White "Chesswithberkay"]
[Black "KamranShirazi"]
[Result "0-1"]
[WhiteElo "2603"]
[BlackElo "2494"]
[PlyCount "22"]
[EventDate "2021.??.??"]
[EventType "blitz"]

1. e4 e5 2. Nf3 d5 3. exd5 e4 4. Qe2 Nf6 5. d3 Bb4+ 6. c3 O-O 7. cxb4 exf3 8.
Qxf3 Re8+ 9. Be2 Bg4 10. O-O Bxf3 11. Bxf3 Nxd5 {Normal} 0-1

[Event "Rated Rapid game"]
[Site "?"]
[Date "2021.03.24"]
[Round "?"]
[White "Toilet_Goat"]
[Black "alrivz01"]
[Result "1-0"]
[WhiteElo "2483"]
[BlackElo "2325"]
[PlyCount "43"]
[EventDate "2021.??.??"]
[EventType "rapid"]

1. e4 e5 2. Nf3 d5 3. exd5 e4 4. Qe2 Nf6 5. Nc3 Be7 6. Nxe4 O-O 7. d3 Nxd5 8.
Qd1 Re8 9. Be2 f5 10. Ng3 Nc6 11. O-O Bd6 12. c4 Nf4 13. Bxf4 Bxf4 14. d4 Qf6
15. Nh5 Qh6 16. Nxf4 Qxf4 17. Re1 Bd7 18. c5 g5 19. g3 Qe4 20. Bc4+ Kg7 21.
Rxe4 Rxe4 22. Bd5 {Normal} 1-0

[Event "Rated Blitz game"]
[Site "?"]
[Date "2021.03.24"]
[Round "?"]
[White "kkpartizan"]
[Black "Dzon_Vejn"]
[Result "0-1"]
[WhiteElo "2437"]
[BlackElo "2460"]
[PlyCount "92"]
[EventDate "2021.??.??"]
[EventType "blitz"]

1. e4 e5 2. Nf3 d5 3. Nc3 d4 4. Ne2 f6 5. Ng3 Be6 6. Bd3 Nd7 7. O-O Nc5 8. Be2
Bd6 9. d3 Ne7 10. c3 dxc3 11. bxc3 h5 12. d4 Nd7 13. d5 Bf7 14. c4 g6 15. h4
O-O 16. Qc2 b6 17. a4 a5 18. Bh6 Re8 19. Nd2 Kh7 20. Be3 Ng8 21. Nb3 Qe7 22.
Rac1 Nc5 23. Nd2 Qd7 24. Ra1 Qe7 25. Nb1 Rf8 26. Nc3 Be8 27. Rab1 Bd7 28. Nb5
Bxb5 29. cxb5 Nh6 30. Rfd1 Rg8 31. Nf1 Raf8 32. Nd2 f5 33. Bg5 Qd7 34. f3 Nf7
35. Be3 f4 36. Bf2 Qe7 37. Nb3 Nxb3 38. Rxb3 g5 39. Kf1 g4 40. fxg4 hxg4 41.
Rc1 g3 42. Bg1 Nh6 43. Rc3 Rg7 44. Rc6 Qxh4 45. Rxd6 cxd6 46. Qc6 f3 {Time
forfeit} 0-1